000 00970nam a2200289 i 4500
003 EG-GICUC
005 20260423112148.0
008 260423s1979 it ||||fr|||| 000 0 eng d
040 _aEG-GiCUC
_bita
_cEG-GiCUC
_dEG-GiCUC
_erda
041 0 _aita
082 0 4 _221
_a343
_bPA . C
092 0 4 _221
099 _aLaw1 10 343 PA . C 1979
100 1 _aPagano, Emilio
_eAuthor.
245 1 0 _aCompetenza Giurisdizionale E Legge Applicabile Nella Volontaria Giurisdizione:
_cEmilio Pagano.
264 1 _aNapoli:
_bCasa Editrice Dott. Eugenio Jovene,
_c1979.
300 _a144 pages :
_billustrations,
_c24 cm
336 _2rda content
_atext
337 _2rda media
_aComputer
338 _2rda carrier
_aOnline Resource
500 _aPubblicazioni Della Facoltà Giuridica Dell'università Di Napoli
650 1 _aCriminal law
_2qrmak
651 1 _2qrmak
856 4 0 _uhttps://fll.law.cu.edu.eg/fulltext/bks/B10-11208.pdf
905 _a158
942 _2ddc
_n0
_cBK
_e21
999 _c72990
_d72990